00441 a2200157 4500003000400000005001700004008004100021020001500062040000900077082001800086100002900104245009400133250001300227260003300240300001000273OSt20260325135127.0231201b |||||||| |||| 00| 0 eng d a8171300774 coclc a863.64bMAR/E aMarquez, Gabriel Garcia aEkaanthathayute Nooru Varshangal= One Hundred Years of Solitude /cGabriel Garcia Marquez a29th ed. aKottayam:bD C books,c2023. a383p.